Medaliści Mundiali w Górniku Zabrze - Statystyki

Ogólne statystyki
  • Ten quiz został rozwiązany 21 razy
  • Średni wynik to 3 z 9
Statystyki odpowiedzi
Medale w MŚ Lata gry w Górniku Odpowiedź % Poprawnych
Brąz 2006, Brąz 2010, Złoto 2014 2021- Lukas Podolski
86%
Brąz 1974, Brąz 1982 1972-1976 Andrzej Szarmach
67%
Brąz 1974 1967-1980 Jerzy Gorgoń
57%
Brąz 1982 1985-1987 Andrzej Iwan
29%
Brąz 1982 1979-1987 Waldemar Matysik
24%
Brąz 1982 1977-1987 Andrzej Pałasz
19%
Brąz 1974 1973-1980 Henryk Wieczorek
19%
Brąz 1974 1973-1979 Andrzej Fischer
14%
Brąz 1982 1976-1984 Tadeusz Dolny
10%
Nie znaleziono quizów pasujących do podanych kryteriów
Rozkład punktacji
Procent ludzi z każdym wynikiem
Percentyl według liczby udzielonych odpowiedzi
Twoja historia wyników
Nie rozwiązałeś tego quizu